Motiver pour enseigner (Record no. 129)

MARC details
000 -LEADER
fixed length control field 02018nam a2200265 4500
008 - FIXED-LENGTH DATA ELEMENTS--GENERAL INFORMATION
fixed length control field s2003 fr fre u
020 ## - INTERNATIONAL STANDARD BOOK NUMBER
International Standard Book Number 201170524X
020 ## - INTERNATIONAL STANDARD BOOK NUMBER
International Standard Book Number 9782011705242
040 ## - CATALOGING SOURCE
Original cataloging agency LB-BrCRDP
082 1# - DEWEY DECIMAL CLASSIFICATION NUMBER
Classification number 370.154
Item number AND
100 1# - MAIN ENTRY--PERSONAL NAME
Personal name André, Bernard
245 10 - TITLE STATEMENT
Title Motiver pour enseigner
Remainder of title Analyse transactionnelle et pédagogie
Statement of responsibility, etc. Bernard André
250 ## - EDITION STATEMENT
Edition statement 4e éd.
260 ## - PUBLICATION, DISTRIBUTION, ETC.
Place of publication, distribution, etc. Paris
Name of publisher, distributor, etc. Hachette
Date of publication, distribution, etc. 2003
300 ## - PHYSICAL DESCRIPTION
Extent 125 p.
Dimensions 23 cm
490 0# - SERIES STATEMENT
Series statement Education
500 ## - GENERAL NOTE
General note Sommaire,, glossaire, bibliographie.
520 ## - SUMMARY, ETC.
Summary, etc. Motiver est l'un des grands défis de l'enseignement actuel devant lequel il est possible de réagir sans désabusement, repli ou agression face aux élèves.Comprendre la démotivation, c'est prendre conscience que celui qui s'y engage est motivé dans son choix. La personne la plus démotivée, au lieu d'adopter des stratégies pour mieux progresser dans les connaissances qui lui sont proposées, développe des stratégies de résistance, parfois terriblement efficaces, et déploie son énergie à les mettre en oeuvre. En déterminant chez l'enfant les causes de ta démotivation, la voie est ouverte à des actions correctives.La démotivation n'apparaît alors pas comme une fatalité irrémédiable, mais comme un lieu où l'enseignant prend une part active. Pour cela, les concepts de l'analyse transactionnelle permettent d'explorer les mécanismes de la démotivation, de cerner les processus en cours et, finalement, de proposer des pistes pour permettre à l'élève de se réapproprier les apprentissages qu'il fait. En affirmant que la démotivation des élèves naît de leur perception du système scolaire et de ses évaluations, et dans l'image que l'école leur renvoie, il devient possible d'expérimenter une autre école, de leur renvoyer une autre image.
650 4# - SUBJECT ADDED ENTRY--TOPICAL TERM
Topical term or geographic name entry element Motivation
650 4# - SUBJECT ADDED ENTRY--TOPICAL TERM
Topical term or geographic name entry element Pédagogie
650 4# - SUBJECT ADDED ENTRY--TOPICAL TERM
Topical term or geographic name entry element Apprentissage
650 4# - SUBJECT ADDED ENTRY--TOPICAL TERM
Topical term or geographic name entry element Communication en classe
942 ## - ADDED ENTRY ELEMENTS (KOHA)
Koha item type Books
Holdings
Withdrawn status Lost status Source of classification or shelving scheme Damaged status Not for loan Home library Current library Shelving location Date acquired Source of acquisition Cost, normal purchase price Total Checkouts Full call number Barcode Date last seen Copy number Price effective from Koha item type
    Dewey Decimal Classification     مكتب الاعداد والتدريب - الدكوانه مكتب الاعداد والتدريب - الدكوانه Standard Shelving Location 07/28/2016       370.15 AND   07/28/2016   07/28/2016 Books
    Dewey Decimal Classification     مكتبة دار المعلمين و المعلمات - النبطية مكتبة دار المعلمين و المعلمات - النبطية Salle de Lecture 12/15/2005 Ambassade de France 0.00   370.154 AND. CRN306 07/28/2016 1 07/28/2016 Books
    Dewey Decimal Classification     مكتبة دار المعلمين و المعلمات - بئر حسن مكتبة دار المعلمين و المعلمات - بئر حسن Salle de Lecture 10/31/2005 Ambassade de France 0.00   371.1 And CRB39 07/27/2016 1 07/27/2016 Books
    Dewey Decimal Classification     مكتبة دار المعلمين و المعلمات - جونية مكتبة دار المعلمين و المعلمات - جونية Salle de Lecture 12/15/2005 Ambassade de France 0.00   370.154 AND. CRJ306 07/27/2016 1 07/27/2016 Books
    Dewey Decimal Classification     مكتبة دار المعلمين و المعلمات - زحلة مكتبة دار المعلمين و المعلمات - زحلة Salle de Lecture 09/20/2005 Amb. de France 13.75   370.154 AND CRZ131 07/26/2016 1 07/26/2016 Books
    Dewey Decimal Classification     مكتبة دار المعلمين و المعلمات - صيدا مكتبة دار المعلمين و المعلمات - صيدا Salle de Lecture 09/22/2006 Ambassade de France 0.00   371.3 AND CRS1181 07/28/2016 1 07/28/2016 Books